Propuesta de implementación de un laboratorio para el monitoreo por medio del software Labview para determinar la factibilidad y el comportamiento de sistemas fotovoltaicos

Presenta una implementación de laboratorio un software con equipamiento lógico que poseen los sistemas informáticos para realizar una tarea u operación, es decir, un programa de monitoreo el cual es encargado de realizar diversas operaciones para el análisis del comportamiento de los sistemas f...

Full description

Bibliographic Details
Main Authors: Cordero Hurtado, José Pablo, Gómez Martínez, Douglas Alberto
Other Authors: Tutor: Castañeda, Marvin David
Format: Tesis Section = Libro
Language:Undetermined
Spanish
Published: Managua UNI 2021
Subjects:
LEADER 01218nam a2200265Ia 4500
008 240830s9999 xx 000 0 und d
040 |a BIBLIOTECA-RUSB/ Mon 621.31244 C794 
041 |a spa 
082 |a Mon 621.31244 C794 
100 1 |a Cordero Hurtado, José Pablo 
100 1 |b Gómez Martínez, Douglas Alberto 
245 1 0 |a Propuesta de implementación de un laboratorio para el monitoreo por medio del software Labview para determinar la factibilidad y el comportamiento de sistemas fotovoltaicos 
260 |a Managua  |b UNI  |c 2021 
300 |a 123 p. :il. 
500 |a Incluye anexos y CD. 
502 |a Ingeniero Eléctrico 
520 3 |a Presenta una implementación de laboratorio un software con equipamiento lógico que poseen los sistemas informáticos para realizar una tarea u operación, es decir, un programa de monitoreo el cual es encargado de realizar diversas operaciones para el análisis del comportamiento de los sistemas fotovoltaicos. 
650 7 |a ENERGIA RENOVABLE 
650 7 |b  SISTEMAS FOTOVOLTAICOS 
650 7 |c  SISTEMAS INFORMATICOS 
650 7 |d  GENERACION ELECTRICA. 
700 1 |a Tutor:  |b Castañeda, Marvin David 
942 |c BK  |2 ddc 
991 |a TESIS 
999 |c 22226